Por tierras y salarios persisten los conflictos
Uloženo v:
| Médium: | Text |
|---|---|
| Témata: | |
| Tagy: |
Přidat tag
Žádné tagy, Buďte první, kdo vytvoří štítek k tomuto záznamu!
|
MARC
| LEADER | 00000 a a2200000 04500 | ||
|---|---|---|---|
| 001 | 1569 | ||
| 003 | |||
| 040 | |||
| 245 | |a Por tierras y salarios persisten los conflictos | ||
| 650 | |a CONFLICTOS SOCIALES | ||
| 650 | |a ADQUISICION DE TIERRAS | ||
| 650 | |a SINDICATOS | ||
| 650 | |a COSTA RICA | ||
| 773 | |g número 16; páginas 14-16 | ||
| 999 | |c 29427 |d 29427 | ||
